Contemporary labor economics

Main Author: McConnell, Campbell R.
Other Authors: Macpherson, David A., Brue, Stanley L.
Language:English
Published: Boston: McGraw-Hill Irwin, 2009.
Edition:8th ed..
Subjects:
LEADER 00744cam a2200217 7i4500
001 0000066885
005 20140708090000.0
008 081218s2009 us 0 eng
020 # 0 |a 9780073511320 (hbk.)  
020 # 0 |a 0073511323 (hbk.)  
090 0 0 |a HD 4901   |b .M3 2009 
100 1 # |a McConnell, Campbell R.  
245 1 0 |a Contemporary labor economics   |c Campbell R. McConnell, Stanley L. Brue, David A. Macpherson. 
250 # # |a 8th ed.. 
260 # # |a Boston:   |b McGraw-Hill Irwin,   |c 2009. 
300 # # |a xiv, 625 p.:   |b ill.;   |c 23 cm.. 
590 # # |a Pusat Pengajian Pembangunan Sosial dan Ekonomi 
650 0 0 |a Labor economics.  
700 1 1 |a Macpherson, David A.  
700 1 1 |a Brue, Stanley L.  
999 |a 1100061081  |b Book  |c Open Shelf  |e KOLEKSI TERBUKA